Normal view
MARC view
- Differential equations.
Entry Topical Term
001 - CONTROL NUMBER
- control field: 45812
003 - CONTROL NUMBER IDENTIFIER
- control field: OSt
005 - DATE AND TIME OF LATEST TRANSACTION
- control field: 20220831102722.0
008 - FIXED-LENGTH DATA ELEMENTS
- fixed length control field: 220831|| aca||aabn | a|a d
040 ## - CATALOGING SOURCE
- Original cataloging agency: OSt
- Transcribing agency: OSt
150 ## - HEADING--TOPICAL TERM
- Topical term or geographic name entry element: Differential equations.
670 ## - SOURCE DATA FOUND
- Source citation: Work cat.: (OSt): Arnold, Kevin. 45811, Differential equations :, ©2022.
